| 000 | 01193cam a2200325 a 4500 | ||
|---|---|---|---|
| 001 | 16573418 | ||
| 005 | 20161214112726.0 | ||
| 008 | 101209s2010 enk b 001 0 eng | ||
| 020 | _a9780230249578 (pbk.) | ||
| 020 | _a0230249574 (pbk.) | ||
| 040 |
_aUKM _cUKM _dYDXCP _dCDX _dDLC |
||
| 082 | 0 | 4 |
_a330.904 _222 _bKEY |
| 100 | 1 |
_aKeynes, John Maynard, _d1883-1946. _928523 |
|
| 245 | 1 | 0 |
_aEssays in persuasion / _cJohn Maynard Keynes ; with a new introduction by Donald Moggridge. |
| 250 | _aNew ed. | ||
| 260 |
_aBasingstoke ; _aNew York : _bPalgrave Macmillan, _cc2010. |
||
| 300 |
_al, 451 p. ; _c24 cm. |
||
| 500 | _aPublished for the Royal Economic Society. | ||
| 504 | _aIncludes bibliographical references (p. xlviii-xlix) and index. | ||
| 630 | 0 | 0 |
_aTreaty of Versailles _d(1919) _928524 |
| 650 | 0 |
_aEconomic history _y1918-1945. _928525 |
|
| 650 | 0 |
_aCurrency question. _928526 |
|
| 650 | 0 |
_aCurrency question _zGreat Britain. _928527 |
|
| 650 | 0 |
_aGold. _928528 |
|
| 653 |
_bEco _cFebruary2012 |
||
| 650 | 0 |
_928529 _aInflation (Finance) |
|
| 710 | 2 |
_aRoyal Economic Society (Great Britain) _928530 |
|
| 942 |
_2ddc _cBB |
||
| 999 |
_c16367 _d16367 |
||